00413 2200157 4500001002100000005001500021035002000036245006700056100002200123300002600145260002800171082000800199084001400207020002200221990001200243INLIS00000000000306520250922082638 a0010-09250004121 aHarus Bisa ! :bSeni Memimpin Ala SBY /cDr. Dino Patti Djalal0 aDino Patti Djalal a462 hlm ;c14 x 21 cm aJakarta :bR & W,c2007 a900 a900 DIN h a978-979-1008-10-5 a0755570